The managing of the (Third) world (Record no. 62642)

000 -LEADER
fixed length control field 01179pab a2200157 454500
008 - FIXED-LENGTH DATA ELEMENTS--GENERAL INFORMATION
fixed length control field 180718b2004 xxu||||| |||| 00| 0 eng d
100 ## - MAIN ENTRY--PERSONAL NAME
Personal name Cooke, Bill
245 ## - TITLE STATEMENT
Title The managing of the (Third) world
260 ## - PUBLICATION, DISTRIBUTION, ETC.
Date of publication, distribution, etc. 2004
300 ## - PHYSICAL DESCRIPTION
Extent p.603-29.
362 ## - DATES OF PUBLICATION AND/OR SEQUENTIAL DESIGNATION
Dates of publication and/or sequential designation Sep
520 ## - SUMMARY, ETC.
Summary, etc. This paper is about the relationship between management, a First World discipline, and the Third World. Management is widely assumed to apply in organizations in modern, or postmodern, societies. However, a distinctive form of management, Development Administration and Management (DAM), exists and is applied to Third World nation-states, which are deemed in the First World to require modernization. This article sets out the Institutional and conceptual separation and crossover between management and DAM. It then goes on to consider DAM in practice, demonstrating how it, and through it management, are complicit in neo-liberal World Bank interventions in the Third World. It concludes by reviewing the implications of the status of DAM, and management, as direct instruments of national-level neo-liberal change. - Reproduced.
650 ## - SUBJECT ADDED ENTRY--TOPICAL TERM
Topical term or geographic name entry element Management
773 ## - HOST ITEM ENTRY
Main entry heading Organization
909 ## -
-- 62642
Holdings
Withdrawn status Lost status Damaged status Not for loan Permanent Location Current Location Date acquired Serial Enumeration / chronology Barcode Date last seen Price effective from Koha item type
        Indian Institute of Public Administration Indian Institute of Public Administration 2018-07-19 Volume no: 11, Issue no: 5 AR63092 2018-07-19 2018-07-19 Articles

Powered by Koha